<?xml version="1.0" encoding="UTF-8"?><?xml-stylesheet type="text/xsl" href="static/style.xsl"?><OAI-PMH xmlns="http://www.openarchives.org/OAI/2.0/" xmlns:xsi="http://www.w3.org/2001/XMLSchema-instance" xsi:schemaLocation="http://www.openarchives.org/OAI/2.0/ http://www.openarchives.org/OAI/2.0/OAI-PMH.xsd"><responseDate>2026-04-17T06:10:33Z</responseDate><request verb="GetRecord" identifier="oai:www.recercat.cat:2072/472600" metadataPrefix="marc">https://recercat.cat/oai/request</request><GetRecord><record><header><identifier>oai:recercat.cat:2072/472600</identifier><datestamp>2025-07-29T22:27:19Z</datestamp><setSpec>com_2072_98</setSpec><setSpec>col_2072_378192</setSpec></header><metadata><record xmlns="http://www.loc.gov/MARC21/slim" xmlns:dcterms="http://purl.org/dc/terms/" xmlns:xsi="http://www.w3.org/2001/XMLSchema-instance" xmlns:doc="http://www.lyncode.com/xoai" xsi:schemaLocation="http://www.loc.gov/MARC21/slim http://www.loc.gov/standards/marcxml/schema/MARC21slim.xsd">
   <leader>00925njm 22002777a 4500</leader>
   <datafield ind2=" " ind1=" " tag="042">
      <subfield code="a">dc</subfield>
   </datafield>
   <datafield ind2=" " ind1=" " tag="720">
      <subfield code="a">Zeballos Puccherelli, Maria Clara</subfield>
      <subfield code="e">author</subfield>
   </datafield>
   <datafield ind2=" " ind1=" " tag="720">
      <subfield code="a">Weise, Gabriel</subfield>
      <subfield code="e">author</subfield>
   </datafield>
   <datafield ind2=" " ind1=" " tag="260">
      <subfield code="c">2024</subfield>
   </datafield>
   <datafield ind2=" " ind1=" " tag="520">
      <subfield code="a">El conflicto social surge cuando uno o más grupos expresan reclamos hacia la autoridad y llevan a cabo diversas acciones coercitivas en tiempo y espacio para alcanzar sus objetivos. Nos preguntamos si los 10,000 conflictos registrados por la Fundación Unir Bolivia entre 2010 y 2020 revelan patrones de interacción y vínculos entre los grupos de protesta. Los datos basados en eventos tienen una naturaleza bidimensional que presentan desafíos analíticos, en este trabajo aplicamos la proyección de grafos bipartitos con el algoritmo "common neighbor", para obtener un grado unidimensional y aplicar el análisis de red. Como resultado, se obtuvo una red en la que 15 de cada 100 conflictos permiten al menos un vínculo entre dos de los más de 7,000 grupos de protesta, resultando en una estructura tipo núcleo-periferia que indica cierta segregación de los nodos con menor grado de vinculación. Adicionalmente, ponderamos la frecuencia de enlaces para eliminar grupos densos de conexión y confirmamos que la protesta individual y las alianzas momentáneas predominan en los conflictos. Los grupos con mayor grado de conexión están asociados con un menor costo de radicalidad y duración del conflicto y forman comunidades con roles específicos en la economía estatal.</subfield>
   </datafield>
   <datafield ind2=" " ind1=" " tag="520">
      <subfield code="a">Social conflicts arise when one or more groups assert claims to authority and employ diverse coercive actions in time and space to achieve their goals. We investigate whether the 10,000 conflicts recorded by the Bolivian NGO Unir between 2010 and 2020 reveal patterns of interaction and links among protest groups. The event-based data possesses a two-dimensional nature, posing analytical challenges. To address this, we employ bipartite graph projection using the "common neighbour" algorithm to derive a one-dimensional graph for subsequent network analysis. The results yield a network wherein 15 out of 100 conflicts establish at least one link between two of the 7,000+ protest groups, resulting in a core-periphery structure that indicates certain segregation of nodes with lower linkage degrees. Additionally, we assess link weight to identify and eliminate densely connected groups and confirm the prevalence of individual protests and momentary alliances in conflicts. Notably, groups with higher degrees of connection demonstrate lower costs of radicalization and time duration, and they form communities with distinct roles in the state economy.</subfield>
   </datafield>
   <datafield tag="653" ind2=" " ind1=" ">
      <subfield code="a">Conflict</subfield>
   </datafield>
   <datafield tag="653" ind2=" " ind1=" ">
      <subfield code="a">Contentious coalition</subfield>
   </datafield>
   <datafield tag="653" ind2=" " ind1=" ">
      <subfield code="a">Bi-graph</subfield>
   </datafield>
   <datafield tag="653" ind2=" " ind1=" ">
      <subfield code="a">Communities</subfield>
   </datafield>
   <datafield tag="653" ind2=" " ind1=" ">
      <subfield code="a">Conflicto</subfield>
   </datafield>
   <datafield tag="653" ind2=" " ind1=" ">
      <subfield code="a">Coalición contenciosa</subfield>
   </datafield>
   <datafield tag="653" ind2=" " ind1=" ">
      <subfield code="a">Grafo bipartito</subfield>
   </datafield>
   <datafield tag="653" ind2=" " ind1=" ">
      <subfield code="a">Comunidades</subfield>
   </datafield>
   <datafield tag="653" ind2=" " ind1=" ">
      <subfield code="a">Conflito</subfield>
   </datafield>
   <datafield tag="653" ind2=" " ind1=" ">
      <subfield code="a">Coalizão contencioso</subfield>
   </datafield>
   <datafield ind2="0" ind1="0" tag="245">
      <subfield code="a">Red de política contenciosa en Bolivia : proyección de grafos bipartitos en datos de conflicto social de 2010 a 2020</subfield>
   </datafield>
</record></metadata></record></GetRecord></OAI-PMH>